[Event "Olomouc Chess Summer 2017 - open"]
[Site "Olomouc (CZE)"]
[Date "2017.08.13"]
[Round "2.6"]
[White "Steiner, Bruno"]
[Black "Patil, Mitali Madhukar"]
[Result "1-0"]
[WhiteElo "2185"]
[BlackElo "1959"]
[PlyCount "137"]
[EventDate "2017.??.??"]

1. d4 d5 2. c4 c6 3. Nc3 Nf6 4. e3 a6 5. Nf3 b5 6. cxd5 cxd5 7. a4 b4 8. Na2 a5
9. Bd2 Ba6 10. Bxa6 Rxa6 11. Qe2 e6 12. Qb5+ Nfd7 13. O-O Bd6 14. Nc1 O-O 15.
Nb3 Rb6 16. Qd3 Rc6 17. e4 dxe4 18. Qxe4 Nf6 19. Qd3 Bc7 20. Qb5 Qd5 21. Qxd5
Nxd5 22. Rfc1 Rc8 23. g3 Bb6 24. Kf1 Ne7 25. Ke2 Rd8 26. Ne5 Rxc1 27. Rxc1 Bxd4
28. Nc4 Nbc6 29. Be3 Bxe3 30. fxe3 Ra8 31. Rd1 Kf8 32. Rd7 f6 33. Rb7 Nd5 34.
Rb5 f5 35. Rc5 Ra6 36. Nbxa5 Nxa5 37. Rxa5 Rc6 38. b3 Ke7 39. Ra7+ Kf6 40. Kd3
h6 41. Rf7+ Kxf7 42. Ne5+ Ke7 43. Nxc6+ Kd6 44. Nd4 g6 45. Nc2 Kc5 46. e4 Ne7
47. Nd4 e5 48. Ne2 Nc6 49. Ke3 Kd6 50. Nc1 Kc5 51. Nd3+ Kd6 52. h3 h5 53. h4
Ke6 54. Nc5+ Kd6 55. Nb7+ Kc7 56. Nc5 Kd6 57. Na6 Na5 58. Nxb4 Nxb3 59. Nd5 Na5
60. Kd3 Ke6 61. Kc3 fxe4 62. Ne3 Kd6 63. Nc4+ Nxc4 64. Kxc4 Kc6 65. Kc3 Kc5 66.
Kd2 Kb4 67. Ke3 Kxa4 68. Kxe4 Kb4 69. Kxe5 1-0

[Event "Olomouc Chess Summer 2017 - open"]
[Site "Olomouc (CZE)"]
[Date "2017.08.13"]
[Round "2.7"]
[White "Bacak Petr Ml."]
[Black "Baasansuren, Erdene"]
[Result "0-1"]
[WhiteElo "1953"]
[BlackElo "2169"]
[PlyCount "56"]
[EventDate "2017.??.??"]

1. c4 Nf6 2. Nc3 g6 3. g3 Bg7 4. Bg2 O-O 5. d3 d6 6. e4 c5 7. Nge2 Nc6 8. O-O
Ne8 9. Rb1 a6 10. a3 Rb8 11. Be3 Nc7 12. Nd5 b5 13. b4 cxb4 14. Nxb4 Nxb4 15.
axb4 Be6 16. Qc2 bxc4 17. dxc4 Qd7 18. Nf4 Rfc8 19. Rfc1 Nb5 20. Qd3 Bxc4 21.
Rxc4 Rxc4 22. Qxc4 Na3 23. Qa2 Nxb1 24. Qxb1 a5 25. Bh3 Qa4 26. Nd5 axb4 27.
Bd2 b3 28. Bf1 Qa2 0-1

[Event "Olomouc Chess Summer 2017 - open"]
[Site "Olomouc (CZE)"]
[Date "2017.08.13"]
[Round "2.8"]
[White "Fischer, Erik"]
[Black "Leite Oralova, Catarina"]
[Result "1/2-1/2"]
[WhiteElo "1937"]
[BlackElo "2164"]
[PlyCount "49"]
[EventDate "2017.??.??"]

1. e4 e5 2. Bc4 Nf6 3. d3 Be7 4. Nf3 Nc6 5. O-O O-O 6. Bb3 d6 7. c3 Bg4 8. h3
Bd7 9. Nbd2 g6 10. d4 Nh5 11. dxe5 dxe5 12. Nc4 Bf6 13. a4 a6 14. Re1 Be6 15.
Be3 Qe7 16. Qc2 Bg7 17. Ncd2 h6 18. Bxe6 Qxe6 19. Qb3 Qxb3 20. Nxb3 Nf6 21.
Nfd2 Rfd8 22. g3 b6 23. a5 b5 24. Nc5 Bf8 25. Ndb3 1/2-1/2

[Event "Olomouc Chess Summer 2017 - open"]
[Site "Olomouc (CZE)"]
[Date "2017.08.13"]
[Round "2"]
[White "Kula, Dominik"]
[Black "Narendran, Gouthaman"]
[Result "1-0"]
[WhiteElo "2153"]
[BlackElo "1952"]
[PlyCount "59"]
[EventDate "2017.??.??"]

1. e4 c5 2. Nf3 d6 3. d4 cxd4 4. Nxd4 Nf6 5. Nc3 a6 6. Nb3 e6 7. g4 b5 8. Bg2
Bb7 9. g5 b4 10. Nd5 exd5 11. gxf6 dxe4 12. fxg7 Bxg7 13. Qh5 Qf6 14. Na5 Bc8
15. Be3 Bf5 16. Nc4 O-O 17. Rd1 d5 18. Rxd5 Bg6 19. Qe2 Qe6 20. Rd6 Qe7 21. Qd2
Re8 22. Qd5 Qc7 23. b3 Bf8 24. Bb6 Qc8 25. Rxg6+ hxg6 26. Qxa8 Qg4 27. O-O f5
28. Qd5+ Kg7 29. Ne5 Qf4 30. Qf7+ 1-0

[Event "Olomouc Chess Summer 2017 - open"]
[Site "Olomouc (CZE)"]
[Date "2017.08.13"]
[Round "2"]
[White "Izquierdo Arruferia, Joseba"]
[Black "Schmid, Thomas"]
[Result "1/2-1/2"]
[WhiteElo "1912"]
[BlackElo "2127"]
[PlyCount "76"]
[EventDate "2017.??.??"]

1. e4 c5 2. Nf3 d6 3. Bb5+ Bd7 4. Bxd7+ Nxd7 5. O-O Ngf6 6. Re1 e6 7. d4 cxd4
8. Nxd4 Be7 9. c4 O-O 10. b3 a6 11. Nc3 Qa5 12. Bb2 Rac8 13. Qd2 Rfd8 14. Rad1
Qh5 15. Re3 Qh6 16. Qe2 Rc5 17. Rh3 Qg6 18. Nf3 h6 19. Ba3 Rc6 20. e5 Ne8 21.
Ne4 Nxe5 22. Nxe5 dxe5 23. Bxe7 Qxe4 24. Re3 Rxd1+ 25. Qxd1 Qf5 26. h3 Rc8 27.
Qd7 Rb8 28. Bd8 Nf6 29. Qc7 Ra8 30. Rf3 Qb1+ 31. Kh2 e4 32. Rf4 e5 33. Rh4 Nh7
34. Be7 Qxa2 35. Qxb7 Re8 36. Qd7 Ra8 37. Qb7 Re8 38. Qd7 Ra8 1/2-1/2

[Event "Olomouc Chess Summer 2017 - open"]
[Site "Olomouc (CZE)"]
[Date "2017.08.13"]
[Round "2"]
[White "Lushnikov, Evgeny"]
[Black "Palka, Miroslav"]
[Result "1-0"]
[WhiteElo "2121"]
[BlackElo "1936"]
[PlyCount "61"]
[EventDate "2017.??.??"]

1. e4 c5 2. Nf3 d6 3. Bb5+ Bd7 4. Bxd7+ Qxd7 5. c4 Nc6 6. Nc3 g6 7. d4 cxd4 8.
Nxd4 Bg7 9. Be3 Nf6 10. f3 O-O 11. O-O Rfc8 12. b3 a6 13. Qd2 Nxd4 14. Bxd4
Rab8 15. a4 Qc6 16. Rac1 Ne8 17. Nd5 Bxd4+ 18. Qxd4 Qc5 19. Qxc5 Rxc5 20. Nxe7+
Kf8 21. Nd5 b5 22. cxb5 axb5 23. a5 b4 24. Rxc5 dxc5 25. Rc1 Rb5 26. Ra1 Rb7
27. a6 Ra7 28. Ra5 Nd6 29. Nb6 c4 30. Nxc4 Nxc4 31. bxc4 1-0

[Event "Olomouc Chess Summer 2017 - open"]
[Site "Olomouc (CZE)"]
[Date "2017.08.13"]
[Round "2"]
[White "Sadzikowski, Marian"]
[Black "Fogel, Pierre"]
[Result "1/2-1/2"]
[WhiteElo "1898"]
[BlackElo "2106"]
[PlyCount "132"]
[EventDate "2017.??.??"]

1. e4 c5 2. f4 e6 3. Nf3 a6 4. Be2 d5 5. e5 Nh6 6. d3 Be7 7. O-O O-O 8. c3 Nc6
9. Qe1 b5 10. Kh1 b4 11. Qg3 a5 12. Qh3 f5 13. Ng1 bxc3 14. bxc3 Rb8 15. Nd2 a4
16. Ba3 Ba6 17. Rac1 Kh8 18. Qf3 g5 19. Qh5 Nf7 20. g3 d4 21. c4 Nb4 22. Bxb4
Rxb4 23. Rb1 Qb6 24. Bf3 g4 25. Bg2 Bb7 26. h3 Bxg2+ 27. Kxg2 gxh3+ 28. Kxh3
Kg7 29. Ngf3 Rxb1 30. Rxb1 Qc7 31. g4 Nh6 32. gxf5 Nxf5 33. Ng5 Bxg5 34. Qxg5+
Kh8 35. Rg1 Ng7 36. Ne4 Rf5 37. Qxg7+ Qxg7 38. Rxg7 Kxg7 39. Nxc5 Kf7 40. Kg3
Rh5 41. Nxa4 Rh1 42. Nc5 Rb1 43. a4 Rb8 44. Kf3 h5 45. a5 Rg8 46. Ne4 Ra8 47.
Ng5+ Ke7 48. Ke4 Rxa5 49. Kxd4 Ra1 50. Ke3 h4 51. Nh3 Ra2 52. Kf3 Rd2 53. Nf2
Kf7 54. Ke3 Rc2 55. Ne4 Kg6 56. Kf3 Kf5 57. Nd6+ Kg6 58. Kg4 Rd2 59. Kxh4 Rxd3
60. Kg4 Rc3 61. Kh4 Kh6 62. f5 exf5 63. e6 Kg6 64. e7 Rxc4+ 65. Kg3 Re4 66.
Nxe4 Kf7 1/2-1/2

[Event "Olomouc Chess Summer 2017 - open"]
[Site "Olomouc (CZE)"]
[Date "2017.08.13"]
[Round "2"]
[White "Valenta, Vit"]
[Black "Molnar, Jiri"]
[Result "1/2-1/2"]
[WhiteElo "2086"]
[BlackElo "1918"]
[PlyCount "98"]
[EventDate "2017.??.??"]

1. b4 e5 2. Bb2 Bxb4 3. Bxe5 Nf6 4. Nf3 d5 5. g3 O-O 6. Bg2 c5 7. O-O Nc6 8.
Bb2 Bg4 9. d3 Re8 10. Nbd2 d4 11. h3 Be6 12. a3 Ba5 13. Nb3 Bb6 14. Re1 Qd7 15.
h4 Re7 16. a4 Na5 17. Nbd2 Bd5 18. c3 Rc8 19. c4 Bc6 20. Nf1 Rd8 21. Qc2 h6 22.
Red1 Ng4 23. N1h2 Rde8 24. Re1 f5 25. Bc1 Bc7 26. Nxg4 fxg4 27. Nh2 Bxg2 28.
Kxg2 Nc6 29. Ba3 Qf5 30. Qd1 Ba5 31. e4 dxe3 32. Rxe3 Rxe3 33. fxe3 Rxe3 34.
Qxg4 Qxd3 35. Bxc5 Re2+ 36. Kh3 Be1 37. Nf3 Ba5 38. Nd4 Nxd4 39. Bxd4 Re7 40.
Bf6 Rd7 41. Be5 Kh7 42. h5 Rf7 43. Rd1 Qf5 44. Rd3 Qf1+ 45. Kh4 Qh1+ 46. Qh3
Qe4+ 47. Qg4 Qh1+ 48. Qh3 Qe4+ 49. Qg4 Qh1+ 1/2-1/2

[Event "Olomouc Chess Summer 2017 - open"]
[Site "Olomouc (CZE)"]
[Date "2017.08.13"]
[Round "2"]
[White "Gombocz, Ferenc Jr"]
[Black "Vitak, Jiri"]
[Result "1-0"]
[WhiteElo "1894"]
[BlackElo "2086"]
[PlyCount "97"]
[EventDate "2017.??.??"]

1. c4 e5 2. g3 Nf6 3. Bg2 d5 4. cxd5 Nxd5 5. Nc3 Nb6 6. e3 Be7 7. Nge2 O-O 8.
O-O Nc6 9. f4 f5 10. Bxc6 bxc6 11. fxe5 Nd5 12. Nd4 Nxc3 13. bxc3 Qd5 14. Qb3
Kh8 15. Qxd5 cxd5 16. Nc6 Bc5 17. d4 Bb6 18. Ba3 Rf7 19. g4 g6 20. Rf3 Be6 21.
Raf1 Re8 22. gxf5 Bxf5 23. Nb4 Rd7 24. Na6 c6 25. Nc5 Bxc5 26. Bxc5 Rb7 27.
R3f2 Kg7 28. Bd6 Rd8 29. h4 Rdd7 30. Rc1 Rf7 31. c4 dxc4 32. Rxc4 Be4 33. Rxf7+
Kxf7 34. Ra4 Bd3 35. Ra3 Bc4 36. Ra4 Bd3 37. Kf2 Rb2+ 38. Kf3 a6 39. e4 Ke6 40.
Ra5 Bc4 41. Rc5 Bb5 42. d5+ Kd7 43. Bf8 Ke8 44. Bh6 Rxa2 45. dxc6 Ra3+ 46. Kf4
Be2 47. e6 Ke7 48. c7 Kd6 49. Bf8+ 1-0

[Event "Olomouc Chess Summer 2017 - open"]
[Site "Olomouc (CZE)"]
[Date "2017.08.13"]
[Round "2"]
[White "Zdrazil, Tomas"]
[Black "Kalinowska, Zuzanna"]
[Result "0-1"]
[WhiteElo "2078"]
[BlackElo "1896"]
[PlyCount "100"]
[EventDate "2017.??.??"]

1. e4 e6 2. d4 d5 3. Nd2 Nf6 4. e5 Nfd7 5. Bd3 b6 6. Ndf3 Ba6 7. Bxa6 Nxa6 8.
Bg5 Be7 9. Bxe7 Qxe7 10. c3 c5 11. Qa4 Nab8 12. Ne2 a6 13. O-O b5 14. Qa5 Ra7
15. Qa3 Nc6 16. Qb3 O-O 17. a4 c4 18. Qc2 b4 19. b3 Nb6 20. Nd2 Na5 21. cxb4
Qxb4 22. Rfb1 cxb3 23. Nxb3 Nxb3 24. Rxb3 Qa5 25. Qb1 Nc4 26. Rb8 Ra8 27. Rxa8
Rxa8 28. Qb7 Rf8 29. Ng3 Qc3 30. Rb1 Qxd4 31. Qxa6 Nxe5 32. a5 Nd3 33. Rf1 g6
34. Ne2 Qc4 35. Qb6 Ra8 36. Nd4 Ra6 37. Qd8+ Kg7 38. Nf3 Qc5 39. Ng5 h6 40. Nf3
Rxa5 41. Qb8 Ra2 42. Qg3 Rc2 43. Ne5 Nxf2 44. Qf3 Ng4+ 45. Kh1 Nxe5 46. Qf6+
Kh7 47. Qxe5 Qf2 48. Rxf2 Rc1+ 49. Qe1 Rxe1+ 50. Rf1 Rxf1# 0-1

[Event "Olomouc Chess Summer 2017 - seniors"]
[Site "Olomouc (CZE)"]
[Date "2017.08.13"]
[Round "2"]
[White "Heppell, Ian N"]
[Black "Oral, Josef"]
[Result "1/2-1/2"]
[WhiteElo "2062"]
[BlackElo "1827"]
[PlyCount "35"]
[EventDate "2017.??.??"]

1. e4 e5 2. Nf3 Nc6 3. c3 d5 4. Qa4 f6 5. d3 Be6 6. Be2 Qd7 7. O-O Bd6 8. b4 a6
9. Nbd2 Nge7 10. a3 Ng6 11. Re1 O-O 12. Bf1 Nf4 13. exd5 Nxd5 14. c4 Nf4 15.
Ne4 Be7 16. Bxf4 exf4 17. Qc2 Bg4 18. Ned2 1/2-1/2

[Event "Olomouc Chess Summer 2017 - seniors"]
[Site "Olomouc (CZE)"]
[Date "2017.08.13"]
[Round "2"]
[White "Koci, Ladislav"]
[Black "Trojan, Lubos"]
[Result "0-1"]
[WhiteElo "1821"]
[BlackElo "1989"]
[PlyCount "152"]
[EventDate "2017.??.??"]

1. d4 Nf6 2. Nf3 d5 3. c4 c6 4. Qb3 dxc4 5. Qxc4 Be6 6. Qc2 Bg4 7. e3 e6 8. Nc3
Nbd7 9. Be2 Bh5 10. O-O Rc8 11. Rd1 Bd6 12. e4 Bb8 13. Bg5 Qa5 14. Bh4 O-O 15.
a3 Bg6 16. b4 Qc7 17. Bg3 Qd8 18. Bxb8 Rxb8 19. Bd3 Rc8 20. Qd2 Bh5 21. Qf4 Re8
22. e5 Nd5 23. Nxd5 cxd5 24. Rdc1 Qe7 25. Nd2 Nf8 26. Nb3 Bg6 27. Bb5 Red8 28.
Rxc8 Rxc8 29. Rc1 Qd8 30. Qd2 Rc7 31. Rc5 b6 32. Rc6 Rxc6 33. Bxc6 Qc7 34. b5
Qe7 35. Qb4 Qxb4 36. axb4 Bd3 37. f3 Ng6 38. Kf2 Kf8 39. Ke3 Bc2 40. Nc1 Ke7
41. g3 Kd8 42. Kd2 Ba4 43. Na2 Bb3 44. Nc3 Bc4 45. f4 Ne7 46. Kc2 Nf5 47. Nd1
Nxd4+ 48. Kc3 Nf5 49. Nb2 Bf1 50. Nd3 Ne7 51. Ne1 a6 52. Nf3 h6 53. Nd4 axb5
54. Kd2 Bc4 55. Ke3 Nc8 56. Kd2 Na7 57. Kc3 Ke7 58. Kd2 f6 59. Ke3 fxe5 60.
fxe5 Bf1 61. h4 Bh3 62. Kf4 Kf7 63. Bb7 Bf1 64. g4 Bd3 65. Ke3 Bg6 66. Kf4 Ke7
67. g5 Bf7 68. Bc6 Kf8 69. Bd7 Ke7 70. Bc6 Kd8 71. Bxb5 Nc8 72. Ba4 Ne7 73. Bb5
Ng6+ 74. Ke3 Nxe5 75. gxh6 gxh6 76. Kf4 Ng6+ 0-1

[Event "Olomouc Chess Summer 2017 - seniors"]
[Site "Olomouc (CZE)"]
[Date "2017.08.13"]
[Round "2"]
[White "Pokora, Lubomir"]
[Black "Vagovsky, Jozef"]
[Result "1/2-1/2"]
[WhiteElo "1901"]
[BlackElo "1819"]
[PlyCount "20"]
[EventDate "2017.??.??"]

1. e4 c6 2. d4 d5 3. e5 Bf5 4. Nf3 e6 5. Be2 c5 6. O-O Nc6 7. c3 Rc8 8. dxc5
Bxc5 9. b4 Bb6 10. Qa4 Nge7 1/2-1/2

[Event "Olomouc Chess Summer 2017 - seniors"]
[Site "Olomouc (CZE)"]
[Date "2017.08.13"]
[Round "2"]
[White "Vlkovic, Pavol"]
[Black "Chrenko, Peter"]
[Result "1-0"]
[WhiteElo "1806"]
[BlackElo "1897"]
[PlyCount "89"]
[EventDate "2017.??.??"]

1. e4 d6 2. d4 Nf6 3. Nc3 g6 4. f3 a6 5. Be3 Nc6 6. Qd2 Bd7 7. O-O-O b5 8. g4
e5 9. d5 Na5 10. b3 b4 11. Nce2 c5 12. dxc6 Nxc6 13. Ng3 Qa5 14. Kb1 Be7 15.
Bc4 Be6 16. Bd5 Bxd5 17. exd5 Na7 18. g5 Nb5 19. N1e2 Nd7 20. f4 Rc8 21. Ka1
O-O 22. f5 Rc7 23. f6 Nxf6 24. gxf6 Bxf6 25. Ne4 Bg7 26. Bh6 Rfc8 27. c3 bxc3
28. Qc1 c2 29. Rd3 Qa3 30. Bxg7 Qxc1+ 31. Rxc1 Kxg7 32. a4 f5 33. Ng5 Nd4 34.
Nxd4 exd4 35. Ne6+ Kf6 36. Nxc7 Rxc7 37. Rxd4 Ke5 38. Rd2 f4 39. Re1+ Kf5 40.
Kb2 Rc5 41. Kc1 g5 42. Re6 h5 43. Rxd6 Rc3 44. Rc6 Rxb3 45. d6 1-0

[Event "Olomouc Chess Summer 2017 - seniors"]
[Site "Olomouc (CZE)"]
[Date "2017.08.13"]
[Round "2"]
[White "Stokes, Paul C"]
[Black "Filzmaier, Bruno"]
[Result "1-0"]
[WhiteElo "1871"]
[BlackElo "1806"]
[PlyCount "121"]
[EventDate "2017.??.??"]

1. e4 e6 2. d4 d5 3. e5 c5 4. c3 Nc6 5. Nf3 Qb6 6. a3 c4 7. Nbd2 Na5 8. Be2 Bd7
9. O-O Ne7 10. Re1 Ng6 11. g3 Be7 12. Bf1 O-O 13. h4 f6 14. h5 Nh8 15. Bg2 Nf7
16. exf6 Bxf6 17. Rb1 Rae8 18. Nf1 Nb3 19. Bf4 Qd8 20. Ne3 Ng5 21. Ne5 Ba4 22.
Qe2 Bxe5 23. Bxe5 h6 24. Ng4 Rf5 25. Bf4 Bd7 26. Ne5 Ref8 27. Be3 Bc8 28. Ng6
R8f6 29. f4 Ne4 30. Bxe4 dxe4 31. g4 Rd5 32. Qxc4 Na5 33. Qxc8 Qxc8 34. Ne7+
Kf7 35. Nxc8 Nc6 36. Nxa7 Nxa7 37. c4 Rd7 38. d5 Nc8 39. dxe6+ Rxe6 40. Rbd1
Rd3 41. Rxd3 exd3 42. Bd2 Nd6 43. Rxe6 Kxe6 44. Kf2 Nxc4 45. Ke1 Nxb2 46. Bc3
Nc4 47. Bxg7 d2+ 48. Kd1 Ne3+ 49. Kxd2 Nxg4 50. Ke2 Kf5 51. Kf3 Nh2+ 52. Kg2
Kxf4 53. Bxh6+ Kg4 54. Kxh2 Kxh5 55. Kg3 Kg6 56. Kf4 Kf6 57. Ke4 Ke6 58. Bf4
Kd7 59. Kd5 Kc8 60. a4 Kd7 61. Kc5 1-0

[Event "Olomouc Chess Summer 2017 - GM"]
[Site "Olomouc (CZE)"]
[Date "2017.08.13"]
[Round "3.1"]
[White "Pulpan, Jakub"]
[Black "Camarena Gimenez, Rufino"]
[Result "1/2-1/2"]
[WhiteElo "2390"]
[BlackElo "2363"]
[PlyCount "29"]
[EventDate "2017.??.??"]

1. e4 e6 2. d4 d5 3. Nc3 Nf6 4. Bg5 Be7 5. e5 Nfd7 6. h4 Nc6 7. Nf3 h6 8. Bxe7
Qxe7 9. Qd2 Nb6 10. Nd1 Bd7 11. Ne3 f6 12. exf6 gxf6 13. c4 dxc4 14. Nxc4 O-O-O
15. O-O-O 1/2-1/2

[Event "Olomouc Chess Summer 2017 - GM"]
[Site "Olomouc (CZE)"]
[Date "2017.08.13"]
[Round "3.2"]
[White "Neuman, Petr"]
[Black "Biolek-Jun., Richard"]
[Result "1/2-1/2"]
[WhiteElo "2457"]
[BlackElo "2444"]
[PlyCount "41"]
[EventDate "2017.??.??"]

1. e4 e5 2. Nf3 Nc6 3. c3 Nf6 4. d3 Be7 5. Be2 O-O 6. O-O d5 7. Nbd2 a5 8. b3
Re8 9. a3 Bf8 10. Bb2 Nh5 11. g3 Nf6 12. b4 Bg4 13. Qc2 Nb8 14. Rfe1 c6 15. Bf1
Nbd7 16. h3 Bh5 17. Nh4 Qc7 18. Nf5 Bg6 19. Nh4 Bh5 20. Nf5 Bg6 21. Nh4 1/2-1/2

[Event "Olomouc Chess Summer 2017 - GM"]
[Site "Olomouc (CZE)"]
[Date "2017.08.13"]
[Round "3.3"]
[White "Cernousek, Lukas"]
[Black "Saiyn, Zhanat"]
[Result "1/2-1/2"]
[WhiteElo "2447"]
[BlackElo "2381"]
[PlyCount "77"]
[EventDate "2017.??.??"]

1. d4 Nf6 2. c4 e6 3. g3 Bb4+ 4. Bd2 Be7 5. Bg2 d5 6. Nf3 O-O 7. O-O c6 8. Qc2
b6 9. Bf4 Bb7 10. Rd1 Nbd7 11. Ne5 Nh5 12. Bd2 Nhf6 13. Bf4 Nh5 14. Bd2 Nhf6
15. cxd5 cxd5 16. Nc6 Bxc6 17. Qxc6 a6 18. e3 Qc8 19. Rc1 Qxc6 20. Rxc6 Rfc8
21. Rxc8+ Rxc8 22. Nc3 b5 23. Rc1 Nb6 24. Ne2 Rxc1+ 25. Bxc1 Nfd7 26. Nf4 Nb8
27. Nd3 Nc6 28. Kf1 Nb4 29. Nxb4 Bxb4 30. Ke2 f5 31. h3 h5 32. Bf3 g6 33. g4
hxg4 34. hxg4 Kf7 35. gxf5 gxf5 36. Bh5+ Ke7 37. Kd3 Be1 38. f3 Nd7 39. f4
1/2-1/2

[Event "Olomouc Chess Summer 2017 - GM"]
[Site "Olomouc (CZE)"]
[Date "2017.08.13"]
[Round "3.4"]
[White "Domogaev, Sergey"]
[Black "Yagupov, Igor"]
[Result "1-0"]
[WhiteElo "2400"]
[BlackElo "2395"]
[PlyCount "107"]
[EventDate "2017.??.??"]

1. d4 d5 2. c4 c6 3. e3 Nf6 4. Nc3 e6 5. Bd3 Nbd7 6. cxd5 exd5 7. Nge2 Bd6 8.
f3 c5 9. O-O O-O 10. Nf4 Nb6 11. a4 a6 12. dxc5 Bxc5 13. a5 Qd6 14. Kh1 Nbd7
15. Nfxd5 Nxd5 16. Nxd5 Ne5 17. Bb1 Be6 18. Qc2 Ng6 19. Nf4 Rac8 20. Nxe6 fxe6
21. Qe4 Rc6 22. Bc2 Rd8 23. Bd2 Qe5 24. Bc3 Qxe4 25. Bxe4 Rc7 26. Rad1 Rcd7 27.
Rxd7 Rxd7 28. Bc2 Bxe3 29. Bb3 Nf8 30. Re1 Bc5 31. Rxe6 Nxe6 32. Bxe6+ Rf7 33.
f4 h5 34. g3 Kf8 35. Bxf7 Kxf7 36. Kg2 g6 37. Kf3 Ke6 38. Ke4 Bg1 39. h3 Bf2
40. g4 hxg4 41. hxg4 Bh4 42. Bd4 Bd8 43. Bb6 Bf6 44. Bd4 Bd8 45. Bc3 b6 46.
axb6 Bxb6 47. Be5 Bc5 48. f5+ gxf5+ 49. gxf5+ Kd7 50. Kd5 Be3 51. Bd4 Bg5 52.
f6 a5 53. Ke5 a4 54. Bc5 1-0

[Event "Olomouc Chess Summer 2017 - GM"]
[Site "Olomouc (CZE)"]
[Date "2017.08.13"]
[Round "3.5"]
[White "Rosner, Jonas"]
[Black "Koksal, Ege"]
[Result "1/2-1/2"]
[WhiteElo "2405"]
[BlackElo "2360"]
[PlyCount "32"]
[EventDate "2017.??.??"]

1. e4 e6 2. d3 d5 3. Qe2 dxe4 4. dxe4 b6 5. Nd2 Bc5 6. Ngf3 Ba6 7. Nc4 Ne7 8.
c3 Ng6 9. Qc2 Nh4 10. Nxh4 Qxh4 11. b4 Be7 12. g3 Qh5 13. Be2 Qh3 14. Bf1 Qh5
15. Be2 Qh3 16. Bf1 Qh5 1/2-1/2

[Event "Olomouc Chess Summer 2017 - GM"]
[Site "Olomouc (CZE)"]
[Date "2017.08.13"]
[Round "3.6"]
[White "Torma, Robert"]
[Black "Vokac, Marek"]
[Result "1-0"]
[WhiteElo "2492"]
[BlackElo "2416"]
[PlyCount "77"]
[EventDate "2017.??.??"]

1. d4 Nf6 2. c4 g6 3. g3 Bg7 4. Bg2 O-O 5. Nc3 d6 6. Nf3 c6 7. O-O Qa5 8. e4
Bg4 9. h3 Bxf3 10. Bxf3 Nfd7 11. Be3 c5 12. e5 cxd4 13. Bxd4 Nc6 14. Bxc6 bxc6
15. exd6 e5 16. Be3 f5 17. Qa4 Qxa4 18. Nxa4 f4 19. Bd2 g5 20. Nc3 Rab8 21.
Rab1 e4 22. Nxe4 Bxb2 23. gxf4 gxf4 24. Kh1 Kf7 25. Ng5+ Kg6 26. Ne6 Rf6 27.
Nxf4+ Kf5 28. Be3 Rxd6 29. Bxa7 Ra8 30. Rxb2 Rxa7 31. Ne2 Nc5 32. Ng3+ Kf4 33.
Kg2 Rd3 34. Re1 Rg7 35. Rb8 Nd7 36. Re4+ Kg5 37. Rg4+ Kf6 38. Nh5+ Ke5 39. Re8+
1-0

[Event "Olomouc Chess Summer 2017 - IM 1"]
[Site "Olomouc (CZE)"]
[Date "2017.08.13"]
[Round "3.2"]
[White "Karayev, Kanan"]
[Black "Nagy, Gabor"]
[Result "1/2-1/2"]
[WhiteElo "2228"]
[BlackElo "2472"]
[PlyCount "56"]
[EventDate "2017.??.??"]

1. e4 c5 2. Nf3 d6 3. Bb5+ Bd7 4. Bxd7+ Qxd7 5. O-O Nc6 6. c3 Nf6 7. Re1 e6 8.
d4 d5 9. e5 Ne4 10. Nbd2 cxd4 11. cxd4 Nxd2 12. Bxd2 Be7 13. Rc1 O-O 14. Bg5
Rfc8 15. Bxe7 Nxe7 16. Re3 Rxc1 17. Qxc1 Rc8 18. Rc3 Rxc3 19. Qxc3 Qa4 20. Qb3
Qc6 21. g3 Nc8 22. Qe3 h6 23. b3 Ne7 24. Qd2 Qb6 25. Qc3 Nc6 26. a4 a5 27. h4
Qb4 28. Qd3 Qb6 1/2-1/2

[Event "Olomouc Chess Summer 2017 - IM 1"]
[Site "Olomouc (CZE)"]
[Date "2017.08.13"]
[Round "3.4"]
[White "Szotkowski, Jakub"]
[Black "Brhel, Jan"]
[Result "1/2-1/2"]
[WhiteElo "2374"]
[BlackElo "2113"]
[PlyCount "108"]
[EventDate "2017.??.??"]

1. d4 d5 2. c4 dxc4 3. Nf3 a6 4. a4 c6 5. Nc3 Nf6 6. e3 Bf5 7. Bxc4 e6 8. O-O
Be7 9. h3 O-O 10. Nh4 Nbd7 11. Nxf5 exf5 12. a5 Bb4 13. Qb3 c5 14. Rd1 Bxc3 15.
bxc3 Qc7 16. Bd2 Ne4 17. Be1 Nd6 18. Be2 c4 19. Qb4 Nf6 20. Ra4 Rfc8 21. Bf3
Nde4 22. Rb1 Nd5 23. Qxb7 Qxb7 24. Rxb7 Nexc3 25. Bxc3 Nxc3 26. Ra1 Rab8 27. g4
Ne4 28. Rxb8 Rxb8 29. Bxe4 fxe4 30. Rc1 Rb4 31. Kg2 g5 32. Rc3 Kg7 33. f3 Rb2+
34. Kg3 Rb3 35. Rxc4 Rxe3 36. Rc6 Rxf3+ 37. Kg2 Rd3 38. Rxa6 Rxd4 39. Rb6 Ra4
40. a6 Ra2+ 41. Kf1 e3 42. Ke1 e2 43. Rb3 Rxa6 44. Kxe2 Kg6 45. Kf3 h5 46. Kg3
h4+ 47. Kg2 Rd6 48. Rb2 Rd3 49. Rf2 Rg3+ 50. Kh2 f6 51. Ra2 Rd3 52. Ra7 Rd2+
53. Kg1 Rd5 54. Kg2 Rd3 1/2-1/2

[Event "Olomouc Chess Summer 2017 - IM 1"]
[Site "Olomouc (CZE)"]
[Date "2017.08.13"]
[Round "3.5"]
[White "Kulkarni, Bhakti"]
[Black "Chkhaidze, Nikoloz"]
[Result "1-0"]
[WhiteElo "2291"]
[BlackElo "2367"]
[PlyCount "127"]
[EventDate "2017.??.??"]

1. d4 Nf6 2. c4 e6 3. Nf3 d5 4. e3 Bd6 5. Nc3 O-O 6. Qc2 Nc6 7. a3 dxc4 8. Bxc4
e5 9. Nb5 Bg4 10. Nxd6 cxd6 11. dxe5 dxe5 12. O-O Rc8 13. Qa4 e4 14. Nd4 Nxd4
15. exd4 Qc7 16. Bb3 Be2 17. Re1 b5 18. Qb4 Ng4 19. g3 a5 20. Bf4 Qb6 21. Qd6
Rc6 22. Qd5 Nf6 23. Qg5 h6 24. Qh4 Bc4 25. Bxc4 bxc4 26. Be5 Qxb2 27. d5 Qxe5
28. dxc6 Rc8 29. Qf4 Qc5 30. Rab1 Qxc6 31. Qe5 a4 32. Qb5 Qe6 33. Kg2 Nd5 34.
Rbc1 Qf5 35. Kg1 e3 36. fxe3 Qe4 37. Qb1 Qf3 38. Rc2 c3 39. Rf2 Qg4 40. Qd3 Nf6
41. Rf4 Qe6 42. Rxa4 Qb3 43. Rb4 Qxa3 44. Rc4 Rxc4 45. Qxc4 Qa5 46. Rc1 Qh5 47.
Qxc3 Ng4 48. h3 Nf6 49. Qc8+ Kh7 50. Rf1 Qe2 51. Qf5+ Kh8 52. Qf3 Qc4 53. Ra1
Ne4 54. h4 Qe6 55. Ra8+ Kh7 56. Ra5 g6 57. Ra4 Nd2 58. Qf4 Qb3 59. Rd4 Qd1+ 60.
Kg2 Qe2+ 61. Kh3 Kg7 62. Rd7 Qf1+ 63. Qxf1 Nxf1 64. Rd3 1-0

[Event "Olomouc Chess Summer 2017 - IM 2"]
[Site "Olomouc (CZE)"]
[Date "2017.08.13"]
[Round "3.1"]
[White "Jurek, Josef"]
[Black "Burnett, Andrew"]
[Result "1/2-1/2"]
[WhiteElo "2274"]
[BlackElo "2209"]
[PlyCount "34"]
[EventDate "2017.??.??"]

1. Nf3 Nf6 2. c4 g6 3. d4 Bg7 4. g3 O-O 5. Bg2 d6 6. Nc3 Nc6 7. O-O a6 8. Bf4
h6 9. h3 Bd7 10. Rc1 Nh5 11. Be3 e5 12. Qd2 Kh7 13. Rfd1 exd4 14. Nxd4 Re8 15.
Nd5 Nf6 16. Nxf6+ Qxf6 17. Nxc6 Bxc6 1/2-1/2

[Event "Olomouc Chess Summer 2017 - IM 2"]
[Site "Olomouc (CZE)"]
[Date "2017.08.13"]
[Round "3.2"]
[White "Galyas, Miklos"]
[Black "Tymrakiewicz, Rafal"]
[Result "1/2-1/2"]
[WhiteElo "2486"]
[BlackElo "2188"]
[PlyCount "32"]
[EventDate "2017.??.??"]

1. Nf3 d5 2. c4 c6 3. e3 Nf6 4. Nc3 g6 5. d4 Bg7 6. Be2 O-O 7. O-O Bg4 8. h3
Bxf3 9. Bxf3 e6 10. b3 Nbd7 11. Bb2 Re8 12. Qc2 Qa5 13. e4 dxe4 14. Nxe4 Nxe4
15. Bxe4 f5 16. Bf3 e5 1/2-1/2

[Event "Olomouc Chess Summer 2017 - IM 2"]
[Site "Olomouc (CZE)"]
[Date "2017.08.13"]
[Round "3.4"]
[White "Nitish, Belurkar"]
[Black "Mammadova, Narmin"]
[Result "1-0"]
[WhiteElo "2269"]
[BlackElo "2277"]
[PlyCount "97"]
[EventDate "2017.??.??"]

1. e4 c5 2. c3 e6 3. d4 d5 4. e5 Nc6 5. Nf3 Qb6 6. Bd3 Bd7 7. O-O cxd4 8. cxd4
Nb4 9. Be2 Bb5 10. Bxb5+ Qxb5 11. Nc3 Qd7 12. Be3 Ne7 13. Qe2 Nf5 14. Bf4 Nc6
15. Rfd1 h6 16. Rac1 Be7 17. Na4 g5 18. Be3 g4 19. Ne1 h5 20. Nc5 Bxc5 21. Rxc5
O-O-O 22. Bg5 Rde8 23. Nc2 Kb8 24. Qb5 a6 25. Qd3 Rc8 26. b4 Na7 27. Ne3 Rhg8
28. Nxf5 exf5 29. Bf4 Ka8 30. Qb3 Rxc5 31. dxc5 d4 32. a4 Re8 33. b5 Rc8 34. c6
bxc6 35. b6 Qb7 36. Rb1 c5 37. bxa7 Qxb3 38. Rxb3 Kxa7 39. Kf1 c4 40. Rb4 d3
41. Ke1 c3 42. Kd1 d2 43. Kc2 Rd8 44. Be3+ Ka8 45. Rd4 Rc8 46. Rd6 a5 47. Bb6
Rc4 48. Bxa5 Rxa4 49. Bxc3 1-0